La cybernétique
Gorde:
| Egile nagusia: | |
|---|---|
| Formatua: | Liburua |
| Hizkuntza: | Undetermined |
| Argitaratua: |
Paris
Presses Universitaires de France
1972
|
| Gaiak: | |
| Etiketak: |
Etiketa erantsi
Etiketarik gabe, Izan zaitez lehena erregistro honi etiketa jartzen!
|
| Thư viện lưu trữ: | Trung tâm Học liệu Trường Đại học Cần Thơ |
|---|
| LEADER | 00507nam a2200181Ia 4500 | ||
|---|---|---|---|
| 001 | CTU_83554 | ||
| 008 | 210402s9999 xx 000 0 und d | ||
| 082 | |a 003.5 | ||
| 082 | |b C853 | ||
| 100 | |a Couffignal, Louis | ||
| 245 | 0 | |a La cybernétique | |
| 245 | 0 | |c Louis Couffignal | |
| 260 | |a Paris | ||
| 260 | |b Presses Universitaires de France | ||
| 260 | |c 1972 | ||
| 650 | |a Communication,Cybernetics,System theory | ||
| 904 | |i Qhieu(sửa) | ||
| 980 | |a Trung tâm Học liệu Trường Đại học Cần Thơ | ||